000 05745cam a22018974i 4500
003 PE-LiUPU
005 20250813165828.0
008 150706s2008 mx rb 001 0 spa d
020 _a9707293543
020 _a9789707293540
035 _a(Sirsi) i9789707293540
040 _aPE-LiUPU
_bspa
_cPE-LiUPU
_dPE-LiUPU
_erda
041 1 _aspa
_heng
049 _aPRUA
082 0 4 _a616.8
_bW46
_221
100 1 _aWenzel, Amy,
_eautor.
245 1 0 _aMétodos cognitivos :
_by su aplicación a la investigación clínica /
_cautores, Amy Wenzel, David C. Rubin.
264 1 _aMéxico :
_bEl Manual Moderno,
_c2008
300 _aix, 257 páginas ;
_c23 centímetros
336 _atext
_2rdacontent
337 _aunmediated
_2rdamedia
338 _avolume
_2rdacarrier
504 _aBibliografía al finalizar cada capítulo.
504 _aÍndice: páginas 247-256.
505 0 _aAplicación de métodos cognitivos en poblaciones clínicas -- La tarea de Stroop -- La tarea de Stroop: medición indirecta del concepto activación -- La tarea de Stroop en la investigación cognitiva -- La tarea de Stroop en la investigación clínica -- Tareas de la atención selectiva -- Tareas de la atención selectiva en la investigación clínica cognitiva -- Tareas de la atención selectiva en la investigación cognitiva -- Tareas de la atención selectiva en la investigación clínica -- Tareas de la memoria implícita -- Tareas de la memoria implícita: retención sin recolección consciente -- Tareas de la memoria implícita en la investigación cognitiva -- Tareas de la memoria implícita en la investigación clínica -- Tareas de olvido dirigido -- Investigación de olvido dirigido: descubrimientos comunes -- Tareas de olvido dirigido en la investigación cognitiva -- Tareas de olvido dirigido en la investigación clínica -- Tareas de la memoria autobiográfica -- Tareas de la memoria autobiográfica: seis métodos comunes -- Tareas de la memoria autobiográfica en la investigación cognitiva -- Tareas de la memoria autobiográfica en la investigación clínica.
526 _aP203
526 _aP200
526 _aSEG65
526 _aSEG64
526 _aSEG63
526 _aSEG62
526 _aSEG61
526 _aSEG60
526 _aSEG59
526 _aSEG58
526 _aSEG57
526 _aSEG56
526 _aSEG55
526 _aSEG54
526 _aSEG53
526 _aSEG52
526 _aSEG51
526 _aSEG50
526 _aSEG49
526 _aSEG48
526 _aSEG47
526 _aSEG46
526 _aSEG24
526 _aSEG23
526 _aSEG22
526 _aSEG21
526 _aSEG20
526 _aSEG19
526 _aSEG18
526 _aSEG17
526 _aSEG16
526 _aSEG14
526 _aSEG13
526 _aSEG12
526 _aSEG11
526 _aSEG10
526 _aSEG09
526 _aSEG06
526 _aSEG05
526 _aSEG04
526 _aSEG03
526 _aSEG02
526 _aSEG68
526 _aSEG66
526 _aSEG45
526 _aSEG25
526 _aSEG01
526 _aP163
526 _aP162
526 _aP161
526 _aP160
526 _aP159
526 _aP158
526 _aP157
526 _aP156
526 _aP155
526 _aP154
526 _aP153
526 _aP152
526 _aP151
526 _aP150
526 _aP149
526 _aP142
526 _aP141
526 _aP140
526 _aP139
526 _aP138
526 _aP137
526 _aP132
526 _aP131
526 _aP130
526 _aP126
526 _aP125
526 _aP124
526 _aP123
526 _aP115
526 _aP122
526 _aP121
526 _aP116
526 _a P114
526 _aP112
526 _aP111
526 _aP104
526 _aP103
526 _aP102
526 _aP101
526 _aP100
526 _aP96
526 _aP95
526 _aP93
526 _aP92
526 _aP91
526 _aP88
526 _aP83
526 _aP82
526 _aP79
526 _aP78
526 _aP75
526 _aP74
526 _aP71
526 _aP69
526 _a P51
526 _aP49
526 _aP48
526 _aP47
526 _aP33
526 _aP31
526 _a P30
526 _aP29
526 _aP27
526 _aP26
526 _aP25
526 _aP24
526 _a P22
526 _aP10
526 _aP09
526 _a P08
526 _aP06
526 _aP05
526 _aP04
526 _aP01
534 _aTítulo original :
_tCognitive methods and their application to clinical research.
541 _g001-003364;
541 _gF002-00000792;
650 0 4 _aPsicología clínica
_xMetodología.
650 0 4 _aCognición.
_91884
700 1 _aRubin, David C.,
_eautor.
910 _agl20110906
910 _adbm
_bsag
_csag
_d20190305
942 _2ddc
_cBOOK
949 _a616.8 M4
_wDEWEY
_c1
_i63604
_lCCODEBUL1
_mBUL
_p42.00
_r0
_sY
_tBOOK
_u2015-7-6
_xSALUD
_PP33
_o.STAFF. Colección Ciencias de la Salud
994 _aC0
_bPEPRU
596 _a1
999 _a616.8 W46
_wDEWEY
_c52511
_i63604
_d52511
_e2016-9-5
_f2021-11-4
_g5
_lCCODEBUL1
_mBUL
_n1
_p42.00
_q2
_r0
_sY
_tBOOK
_u2015-7-6
_xSALUD
_zP33
_0COMPRA
_o.STAFF. Colección Ciencias de la Salud
999 _a616.8 W46
_wDEWEY
_c2
_i79964
_d2019-10-15
_e2019-8-12
_f2021-11-4
_g2
_lCCODEBUL1
_mBUL
_n1
_p33.80
_r0
_sY
_tBOOK
_u2019-3-5
_xSALUD
_zP33
_0COMPRA
_1FCOMPR2
_o.STAFF. Colección Ciencias de la Salud
980 _81
_gALBERTO SANCHEZ Responsable de Automatización